000 00529nam a2200193Ia 4500
005 20250326140723.0
008 250326s9999 xx 000 0 und d
037 _aTextbook
040 _aFMSL
_beng
_cFMSL
041 _aeng
_2eng
084 _aY1:1 P7
_qFMSL
100 _aDodson M S
_9742913
245 0 _aOrientalism empire and national culture
_cDodson M S
260 _aNY
_bNY, Palgrave
_c2007
365 _b4277.3999999999996
650 _aManagement
942 _cTB
_hY1:1 P7
999 _c1287004
_d1287004